000 00284nam a22001217a 4500
082 _a823
_bSHA/T
100 _aSHAKESPEARE, WILLIAM
245 _aTHE TRAGEDY OF MACBETH
260 _aCOCHIN
_bINDIA PUBLISHING HOUSE
_c255
300 _a255
650 _aENGLISH STORY
_zINDIA
942 _cBK
999 _c7598
_d7598